[Event "Buenos Aires FAOGBA op 2nd"]
[Site "Buenos Aires"]
[Date "2024.03.19"]
[Round "9"]
[White "Flores, Diego"]
[Black "Vasquez Toledo, Cristian"]
[Result "1/2-1/2"]
[WhiteElo "2530"]
[BlackElo "2202"]
[PlyCount "73"]
[EventDate "2024.03.12"]
[EventType "swiss"]
[EventRounds "9"]
[EventCountry "ARG"]
[SourceTitle "CB13_2024"]
[SourceDate "2024.03.27"]
[SourceVersion "1"]
[SourceVersionDate "2024.03.27"]
[SourceQuality "1"]

1. Nf3 d5 2. d4 Nf6 3. c4 e6 4. Nc3 c6 5. Bg5 Be7 6. e3 Nbd7 7. Bd3 0-0 8. 0-0 h6 9. Bh4 dxc4 10. Bxc4 b5 11. Bd3 Bb7 12. Rc1 a6 13. Bxf6 Nxf6 14. Ne4 Qb6 15. Ne5 Rfd8 16. Nc5 Bxc5 17. Rxc5 Rd5 18. Rxd5 cxd5 19. Qb1 Rc8 20. Rc1 Qd8 21. Rxc8 Qxc8 22. Qc2 Qxc2 23. Bxc2 Kf8 24. a4 bxa4 25. Bxa4 Ne4 26. f3 Nd6 27. b4 Ke7 28. Kf2 Kd8 29. Nd3 Kc7 30. Nc5 Kb6 31. Ke2 Bc6 32. Bxc6 Kxc6 33. Nxa6 Kb5 34. Nc5 Kxb4 35. Kd3 Kb5 36. g4 Kc6 37. h4 1/2-1/2

[Event "CHI-ch"]
[Site "Santiago"]
[Date "2024.02.24"]
[Round "9"]
[White "Chacon Salinas, Cesar"]
[Black "Vasquez Toledo, Cristian"]
[Result "1/2-1/2"]
[WhiteElo "2004"]
[BlackElo "2234"]
[PlyCount "99"]
[EventDate "2024.02.19"]
[EventType "swiss"]
[EventRounds "11"]
[EventCountry "CHI"]
[SourceTitle "CB09_2024"]
[SourceDate "2024.02.28"]
[SourceVersion "1"]
[SourceVersionDate "2024.02.28"]
[SourceQuality "1"]

1. d4 Nf6 2. c4 c6 3. Nf3 d5 4. e3 e6 5. b3 Bb4+ 6. Nbd2 0-0 7. Bb2 Nbd7 8. Bd3 c5 9. 0-0 cxd4 10. exd4 b6 11. Qe2 Bb7 12. Rad1 Qe7 13. Ne5 Rfd8 14. Ndf3 h6 15. Nxd7 Nxd7 16. Qe3 Rac8 17. a3 Bxa3 18. Bxa3 Qxa3 19. Ra1 Qd6 20. Rxa7 dxc4 21. bxc4 Bxf3 22. gxf3 Nf6 23. Rd1 Kf8 24. Bf1 Kg8 25. Rb1 Nd7 26. Rb7 Rc7 27. Rxc7 Qxc7 28. Qa3 Nf6 29. Qb2 Nd7 30. Qa3 Nf6 31. Qb2 Rb8 32. Qb5 Nd7 33. Ra1 Qd6 34. Ra7 Nf6 35. Qe5 Qxe5 36. dxe5 Nh5 37. Kg2 Nf4+ 38. Kg3 g5 39. h4 Ng6 40. hxg5 hxg5 41. Kg4 Nxe5+ 42. Kxg5 Kg7 43. Be2 Rc8 44. f4 Nxc4 45. f5 exf5 46. Rb7 Rc5 47. Bxc4 Rxc4 48. Rxb6 Rc3 49. f4 Rc5 50. Rb7 1/2-1/2

[Event "Temuco op 1st"]
[Site "Temuco"]
[Date "2023.10.08"]
[Round "5"]
[White "Vasquez Toledo, Cristian"]
[Black "Valdes Escobar, Alvaro Daniel"]
[Result "1-0"]
[WhiteElo "2214"]
[BlackElo "2345"]
[PlyCount "63"]
[EventDate "2023.10.06"]
[EventType "swiss"]
[EventRounds "7"]
[EventCountry "CHI"]
[SourceTitle "Mega2024 Update 01"]
[Source "Chessbase"]
[SourceDate "2023.11.12"]
[SourceVersion "1"]
[SourceVersionDate "2023.11.12"]
[SourceQuality "1"]

1. e4 c6 2. d4 d5 3. e5 c5 4. Nf3 cxd4 5. Nxd4 Nc6 6. Nxc6 bxc6 7. Bd3 e6 8. 0-0 Ne7 9. Nd2 a5 10. Nf3 Ba6 11. Bxa6 Rxa6 12. Qe2 Ra8 13. c4 Ng6 14. cxd5 cxd5 15. g3 Qd7 16. Be3 Be7 17. h4 h5 18. Bd4 f6 19. Rac1 Kf7 20. Rc2 Rac8 21. Rfc1 Rxc2 22. Qxc2 Rb8 23. Qd2 Bb4 24. Qe3 Bf8 25. exf6 gxf6 26. Bxf6 Kxf6 27. Qg5+ Kf7 28. Qxh5 Bg7 29. Ng5+ Kf6 30. Qf3+ Ke7 31. Qf7+ Kd6 32. Ne4+ 1-0

[Event "Comodoro Rivadavia"]
[Site "Comodoro Rivadavia"]
[Date "2023.09.13"]
[Round "2"]
[White "Vasquez Toledo, Cristian"]
[Black "Belmonte, Diego Mariano"]
[Result "1/2-1/2"]
[WhiteElo "2242"]
[BlackElo "2318"]
[PlyCount "60"]
[EventDate "2023.09.12"]
[EventType "tourn"]
[EventRounds "9"]
[EventCountry "ARG"]
[EventCategory "2"]
[SourceTitle "EXT 2024"]
[Source "ChessBase"]
[SourceDate "2023.10.10"]
[SourceVersion "1"]
[SourceVersionDate "2023.10.10"]
[SourceQuality "1"]

1. e4 Nf6 2. e5 Nd5 3. d4 d6 4. Nf3 g6 5. Bc4 Nb6 6. Bb3 Bg7 7. Qe2 Nc6 8. c3 0-0 9. h3 Bf5 10. Bf4 dxe5 11. dxe5 Bd3 12. Qd2 Nc4 13. Bxc4 Bxc4 14. Qxd8 Rfxd8 15. Nbd2 Bd3 16. 0-0-0 Rd5 17. Rhe1 Rad8 18. Nb3 Bc4 19. Nbd2 Bd3 20. Nb3 a5 21. Nbd4 Nxd4 22. Nxd4 Ba6 23. Nc2 c6 24. Ne3 Rxd1+ 25. Rxd1 Rxd1+ 26. Kxd1 f6 27. exf6 exf6 28. a4 Bf8 29. Bc7 Bc5 30. Bxa5 Bxe3 1/2-1/2

[Event "Spilimbergo op 21st"]
[Site "Spilimbergo"]
[Date "2023.08.14"]
[Round "8"]
[White "Vasquez Toledo, Cristian"]
[Black "Cappelletto, Joshuaede"]
[Result "0-1"]
[WhiteElo "2249"]
[BlackElo "2349"]
[PlyCount "64"]
[EventDate "2023.08.09"]
[EventType "swiss"]
[EventRounds "9"]
[EventCountry "ITA"]
[SourceTitle "CBM 215 Extra"]
[Source "ChessBase"]
[SourceDate "2023.09.30"]
[SourceVersion "1"]
[SourceVersionDate "2023.09.30"]
[SourceQuality "1"]

1. e4 c5 2. Nf3 e6 3. d4 cxd4 4. Nxd4 Nc6 5. Nc3 Qc7 6. Be2 Nf6 7. Ndb5 Qb8 8. f4 a6 9. e5 axb5 10. exf6 b4 11. Nb5 gxf6 12. Be3 b6 13. 0-0 Bc5 14. Qd2 Ba6 15. Rad1 Bxb5 16. Bxb5 Qc7 17. Qf2 Bxe3 18. Qxe3 Ra5 19. Qd3 0-0 20. Qg3+ Kh8 21. Bxc6 Qxc6 22. Qh4 Rf5 23. Rf2 Rg8 24. Rd3 Qe4 25. g3 d5 26. Rdf3 d4 27. Kf1 Rg6 28. g4 Rc5 29. Rd3 Rxc2 30. Rxc2 Qxd3+ 31. Re2 Qf3+ 32. Ke1 Qxf4 0-1

[Event "Biel HTO 56th"]
[Site "Biel"]
[Date "2023.07.17"]
[Round "1"]
[White "Meskovs, Nikita"]
[Black "Vasquez Toledo, Cristian"]
[Result "1-0"]
[WhiteElo "2565"]
[BlackElo "2233"]
[PlyCount "57"]
[EventDate "2023.07.17"]
[EventType "swiss"]
[EventRounds "10"]
[EventCountry "SUI"]
[SourceTitle "CBM 215 Extra"]
[Source "ChessBase"]
[SourceDate "2023.09.30"]
[SourceVersion "1"]
[SourceVersionDate "2023.09.30"]
[SourceQuality "1"]

1. d4 Nf6 2. c4 e6 3. Nc3 d5 4. Nf3 c6 5. g3 Be7 6. Bg2 0-0 7. 0-0 b6 8. Bf4 Ba6 9. cxd5 cxd5 10. Rc1 Bd6 11. Ne5 Bb7 12. Nb5 Bxe5 13. dxe5 Ne8 14. e4 a6 15. Nd6 Nxd6 16. exd6 dxe4 17. Rc7 Bd5 18. Qe2 Nd7 19. Bxe4 Nf6 20. f3 Re8 21. Rd1 h6 22. Qc2 Rc8 23. Be5 Bxe4 24. fxe4 Nd7 25. Bf4 e5 26. Be3 Rb8 27. Qc6 Nf8 28. d7 Re6 29. Qc2 1-0

[Event "CHI-ch"]
[Site "Santiago de Chile"]
[Date "2023.02.17"]
[Round "8"]
[White "Vasquez Toledo, Cristian"]
[Black "Amigo Quintana, Antu"]
[Result "1-0"]
[WhiteElo "2280"]
[BlackElo "2116"]
[PlyCount "189"]
[EventDate "2023.02.11"]
[EventType "tourn"]
[EventRounds "11"]
[EventCountry "CHI"]
[SourceTitle "CBM 212 Extra"]
[Source "ChessBase"]
[SourceDate "2023.03.31"]
[SourceVersion "1"]
[SourceVersionDate "2023.03.31"]
[SourceQuality "1"]

1. d4 d5 2. Nc3 Nf6 3. Bf4 c5 4. e3 Bg4 5. f3 Bd7 6. dxc5 Qa5 7. Qd2 Qxc5 8. 0-0-0 e6 9. e4 Bc6 10. g4 h6 11. Nge2 Be7 12. e5 Nfd7 13. Nd4 a6 14. h4 h5 15. Bh3 Nf8 16. gxh5 Rxh5 17. Bg4 Rxh4 18. Be3 Qa5 19. Rxh4 Bxh4 20. Rh1 Be7 21. Rh8 Nbd7 22. f4 g6 23. Qh2 Bb4 24. Nb3 Qc7 25. Bd4 b6 26. Qh6 Be7 27. Qg7 Nc5 28. Nd2 Qd7 29. Ne2 Bb5 30. Ng3 Qc7 31. Kb1 Nd3 32. Qh6 Nb4 33. Bd1 Nxc2 34. Bxc2 Rc8 35. Bc3 d4 36. Nde4 Kd7 37. Nf6+ Bxf6 38. exf6 dxc3 39. Rxf8 Rxf8 40. Qxf8 Qxf4 41. Qxf7+ Kc8 42. Qxe6+ Bd7 43. Qe1 Qxf6 44. Qxc3+ Qxc3 45. bxc3 Be8 46. Bd3 b5 47. Kb2 Kc7 48. Ne4 Bc6 49. Nc5 Kb6 50. Ne6 Be8 51. Nf8 g5 52. Be2 Bf7 53. Nh7 g4 54. Bxg4 b4 55. cxb4 Bxa2 56. Kxa2 a5 57. Kb3 axb4 58. Kxb4 Kc6 59. Kc4 Kd6 60. Kd4 Kc6 61. Ng5 Kd6 62. Ne4+ Kc6 63. Be6 Kb5 64. Kc3 Ka4 65. Bd5 Kb5 66. Kb3 Kb6 67. Kc4 Kc7 68. Kc5 Kd7 69. Kd4 Kc7 70. Ke5 Kd7 71. Kf6 Kc7 72. Ke6 Kb6 73. Ke5 Kc7 74. Nd6 Kb6 75. Kd4 Kc7 76. Kc5 Kd7 77. Nf5 Ke8 78. Kd6 Kf8 79. Bc4 Ke8 80. Ke6 Kd8 81. Bb5 Kc7 82. Kd5 Kb6 83. Be8 Kb7 84. Kc5 Kc7 85. Bc6 Kd8 86. Kd6 Kc8 87. Nd4 Kd8 88. Ne6+ Kc8 89. Kc5 Kb8 90. Kb6 Kc8 91. Bb5 Kb8 92. Ba6 Ka8 93. Nd4 Kb8 94. Nc6+ Ka8 95. Bb7# 1-0

[Event "CHI-ch"]
[Site "Santiago de Chile"]
[Date "2023.02.16"]
[Round "7"]
[White "Barriga Silva, Felipe"]
[Black "Vasquez Toledo, Cristian"]
[Result "1/2-1/2"]
[WhiteElo "2183"]
[BlackElo "2280"]
[PlyCount "77"]
[EventDate "2023.02.11"]
[EventType "tourn"]
[EventRounds "11"]
[EventCountry "CHI"]
[SourceTitle "CBM 212 Extra"]
[Source "ChessBase"]
[SourceDate "2023.03.31"]
[SourceVersion "1"]
[SourceVersionDate "2023.03.31"]
[SourceQuality "1"]

1. e4 c5 2. Nc3 Nc6 3. f4 d6 4. Nf3 e6 5. d4 cxd4 6. Nxd4 Nf6 7. Nb3 Bd7 8. Be3 Be7 9. Qf3 0-0 10. g4 Nb4 11. 0-0-0 d5 12. exd5 Nfxd5 13. Nxd5 Nxd5 14. Bd2 Qc7 15. Bd3 Rac8 16. Kb1 Bc6 17. Qh3 g6 18. f5 Nf4 19. Bxf4 Qxf4 20. Rhf1 Qg5 21. Nd4 Bd5 22. Rde1 Qh4 23. Qe3 Bg5 24. Qg1 exf5 25. gxf5 Bf6 26. c3 g5 27. Re3 h6 28. Rg3 Be4 29. Qe3 Rfe8 30. Nf3 Bxd3+ 31. Qxd3 Qc4 32. Qxc4 Rxc4 33. h4 Rf4 34. Rfg1 Rxf5 35. hxg5 hxg5 36. Nxg5 Bxg5 37. Rxg5+ Rxg5 38. Rxg5+ Kh7 39. Rg2 1/2-1/2

[Event "San Pedro de la Paz-A"]
[Site "San Pedro de la Paz"]
[Date "2022.03.12"]
[Round "7"]
[White "Reyes Mendoza, Tomas"]
[Black "Vasquez Toledo, Cristian"]
[Result "1/2-1/2"]
[WhiteElo "2065"]
[BlackElo "2154"]
[PlyCount "55"]
[EventDate "2022.03.07"]
[EventType "tourn"]
[EventRounds "9"]
[EventCountry "CHI"]
[SourceTitle "CBM 207 Extra"]
[Source "ChessBase"]
[SourceDate "2022.05.31"]
[SourceVersion "1"]
[SourceVersionDate "2022.05.31"]
[SourceQuality "1"]

1. e4 e5 2. Nf3 Nc6 3. Bb5 a6 4. Ba4 Nf6 5. d3 Bc5 6. 0-0 d6 7. c3 Ba7 8. Re1 h6 9. Bxc6+ bxc6 10. d4 Qe7 11. Nbd2 0-0 12. h3 Be6 13. Nf1 exd4 14. Nxd4 Bd7 15. Ng3 Rfe8 16. Bf4 Nh7 17. Ngf5 Bxf5 18. Nxf5 Qf6 19. b4 d5 20. Qg4 Qg6 21. Qxg6 fxg6 22. Ng3 Nf6 23. Be3 Bb6 24. Bxb6 cxb6 25. exd5 Nxd5 26. Ne4 Rad8 27. Rad1 Kf7 28. f3 1/2-1/2

[Event "CHI-ch"]
[Site "Las Condes"]
[Date "2022.02.27"]
[Round "11"]
[White "Vasquez Toledo, Cristian"]
[Black "Palma Neira, Eliseo Maximiliano"]
[Result "1-0"]
[WhiteElo "2154"]
[BlackElo "2029"]
[PlyCount "109"]
[EventDate "2022.02.18"]
[EventType "tourn"]
[EventRounds "11"]
[EventCountry "CHI"]
[SourceTitle "CBM 207 Extra"]
[Source "ChessBase"]
[SourceDate "2022.05.31"]
[SourceVersion "1"]
[SourceVersionDate "2022.05.31"]
[SourceQuality "1"]

1. e4 c5 2. Nf3 Nc6 3. d4 cxd4 4. Nxd4 Nf6 5. Nc3 e5 6. Ndb5 d6 7. Bg5 a6 8. Na3 b5 9. Nd5 Be7 10. Bxf6 Bxf6 11. c3 0-0 12. Nc2 Bg5 13. a4 bxa4 14. Rxa4 a5 15. Bc4 Rb8 16. b3 Be6 17. Nce3 Bxe3 18. Nxe3 Qd7 19. 0-0 Rfd8 20. Qc2 Bxc4 21. Rxc4 Qb7 22. Rb1 Ne7 23. Ra4 d5 24. exd5 Nxd5 25. Rxa5 Nxe3 26. fxe3 e4 27. Ra4 Rd3 28. Rd4 Rxe3 29. Qd2 Rd3 30. Rxd3 exd3 31. Qxd3 Qa7+ 32. Kh1 Qe7 33. h3 h5 34. b4 Qh4 35. Rf1 Rb6 36. Qd5 Re6 37. b5 Rf6 38. Rxf6 Qxf6 39. Qa8+ Kh7 40. Qe4+ g6 41. c4 Qf1+ 42. Kh2 f5 43. Qe5 Qf2 44. c5 f4 45. c6 h4 46. c7 f3 47. Qe7+ Kh6 48. Qf8+ Kh7 49. Qxf3 Qc5 50. Qf4 g5 51. Qf7+ Kh6 52. Qf6+ Kh5 53. b6 g4 54. hxg4+ Kxg4 55. Qe6+ 1-0

[Event "CHI-ch"]
[Site "Las Condes"]
[Date "2022.02.21"]
[Round "5"]
[White "Vasquez Toledo, Cristian"]
[Black "Donoso Diaz, Sebastian"]
[Result "1-0"]
[WhiteElo "2154"]
[BlackElo "2212"]
[PlyCount "99"]
[EventDate "2022.02.18"]
[EventType "tourn"]
[EventRounds "11"]
[EventCountry "CHI"]
[SourceTitle "CBM 207 Extra"]
[Source "ChessBase"]
[SourceDate "2022.05.31"]
[SourceVersion "1"]
[SourceVersionDate "2022.05.31"]
[SourceQuality "1"]

1. e4 e5 2. Nf3 Nc6 3. Bc4 Be7 4. c3 Nf6 5. d3 0-0 6. 0-0 d5 7. exd5 Nxd5 8. Re1 Bg4 9. Nbd2 Nf4 10. Ne4 Na5 11. Bxf4 Nxc4 12. Bc1 f5 13. Qb3 Qxd3 14. Nxe5 Qd5 15. Qxc4 Qxc4 16. Nxc4 fxe4 17. Rxe4 Bc5 18. Rxg4 Bxf2+ 19. Kh1 b5 20. Bh6 bxc4 21. Bxg7 h5 22. Rg5 Be3 23. Rg3 Bf4 24. Bxf8+ Bxg3 25. Bc5 Bd6 26. Bxd6 cxd6 27. Re1 Rb8 28. Re2 Kf7 29. Kg1 Rb5 30. Kf2 Kf6 31. Ke3 Re5+ 32. Kd2 Rd5+ 33. Kc2 Ra5 34. Kb1 Rb5 35. g3 Kg5 36. Re4 d5 37. Re5+ Kg4 38. Kc2 h4 39. gxh4 Kxh4 40. b4 cxb3+ 41. axb3 a6 42. Re6 a5 43. Re5 Kg4 44. c4 Rb4 45. Rxd5 a4 46. Rb5 axb3+ 47. Kc3 Ra4 48. Kxb3 Ra1 49. Re5 Kf4 50. Re2 1-0

[Event "CHI-ch"]
[Site "Las Condes"]
[Date "2022.02.19"]
[Round "3"]
[White "Vasquez Toledo, Cristian"]
[Black "Bahamondes Ortiz, Benjamin"]
[Result "1-0"]
[WhiteElo "2154"]
[BlackElo "2164"]
[PlyCount "53"]
[EventDate "2022.02.18"]
[EventType "tourn"]
[EventRounds "11"]
[EventCountry "CHI"]
[SourceTitle "CBM 207 Extra"]
[Source "ChessBase"]
[SourceDate "2022.05.31"]
[SourceVersion "1"]
[SourceVersionDate "2022.05.31"]
[SourceQuality "1"]

1. e4 c5 2. Nf3 d6 3. d4 cxd4 4. Nxd4 Nf6 5. Nc3 a6 6. Bg5 e6 7. f4 Qc7 8. Qf3 Nc6 9. Bxf6 gxf6 10. 0-0-0 h5 11. Be2 Bd7 12. f5 Be7 13. Qh3 Nxd4 14. Rxd4 h4 15. Rhd1 Qa5 16. Kb1 b5 17. a3 Rb8 18. fxe6 fxe6 19. Bg4 b4 20. axb4 Qe5 21. g3 f5 22. exf5 exf5 23. Be2 hxg3 24. Qxg3 Qxg3 25. hxg3 Bc8 26. Nd5 Rh3 27. Re1 1-0

[Event "Biel HTO 54th"]
[Site "Biel"]
[Date "2021.08.04"]
[Round "9"]
[White "Vasquez Toledo, Cristian"]
[Black "Doluhanova, Evgeniya"]
[Result "0-1"]
[WhiteElo "2064"]
[BlackElo "2179"]
[PlyCount "182"]
[EventDate "2021.07.26"]
[EventType "swiss"]
[EventRounds "9"]
[EventCountry "SUI"]
[SourceTitle "CBM 203 Extra"]
[Source "ChessBase"]
[SourceDate "2021.09.30"]
[SourceVersion "1"]
[SourceVersionDate "2021.09.30"]
[SourceQuality "1"]

1. e4 e5 2. Nf3 Nc6 3. Bc4 Bc5 4. c3 Nf6 5. d3 h6 6. b4 Bd6 7. 0-0 0-0 8. Re1 a6 9. a4 Be7 10. Qb3 Nh7 11. Nbd2 d6 12. Ba3 Bd7 13. d4 Bf6 14. Bb2 Ng5 15. h3 Ne7 16. dxe5 dxe5 17. Bf1 Ng6 18. c4 Re8 19. Rad1 Qe7 20. a5 Nf4 21. Kh2 Qe6 22. Ng1 Qe7 23. g3 Ng6 24. Bg2 Ne6 25. Ne2 Red8 26. Nf1 Qe8 27. Qa3 Be7 28. Ne3 c6 29. Bc3 Bf8 30. Qb2 f6 31. Rd2 Nc7 32. Red1 Be6 33. h4 Rxd2 34. Qxd2 Qf7 35. Qd3 Be7 36. Bh3 Rd8 37. Bxe6 Qxe6 38. Qc2 Rxd1 39. Qxd1 Nf8 40. Qd3 g6 41. f4 exf4 42. Nxf4 Qf7 43. Ng4 Kh7 44. Qd4 g5 45. Nh3 gxh4 46. gxh4 Ne8 47. e5 fxe5 48. Nxe5 Qf5 49. Ng4 Bd6+ 50. Kg2 Kg6 51. Nhf2 Ne6 52. Qe4 Qxe4+ 53. Nxe4 Be7 54. Ne5+ Kh7 55. Kg3 N8g7 56. Nf3 Nf5+ 57. Kh3 Ne3 58. c5 Nf4+ 59. Kh2 Nfd5 60. Bd2 Nf1+ 61. Kh3 Nxd2 62. Nfxd2 Nxb4 63. Nc4 Nd3 64. Ncd6 Nxc5 65. Nxc5 Bxd6 66. Nxb7 Bb4 67. Nd8 c5 68. Nc6 h5 69. Kg3 Be1+ 70. Kf3 Bxh4 71. Nb8 Be1 72. Nxa6 c4 73. Nc5 Bxa5 74. Ne4 Kg6 75. Ke3 h4 76. Kd4 Be1 77. Ke3 h3 78. Kf3 Kg7 79. Ng5 c3 80. Ne6+ Kf6 81. Nd4 Bh4 82. Nc2 Ke6 83. Ne3 Ke5 84. Ke2 Ke4 85. Nf1 c2 86. Kd2 Kf3 87. Kxc2 Kf2 88. Nh2 Bg3 89. Ng4+ Kf3 90. Kd3 Kxg4 91. Ke2 h2 0-1